| 000 | 01718cam a22004574i 4500 | ||
|---|---|---|---|
| 003 | PE-LiUPU | ||
| 005 | 20250731184543.0 | ||
| 008 | 150623s r 000 0 d | ||
| 020 | _a1868126757 | ||
| 035 | _a(Sirsi) i9781868126750 | ||
| 040 |
_aPE-LiUPU _bspa _cPE-LiUPU _erda |
||
| 049 | _aPRUA | ||
| 082 | 0 | 4 |
_a968.2 _bW97 _221 |
| 245 | 0 | 4 |
_aThe wildlife of Southern Africa : _ba field guide to the animals and plants of the region / _cVincent Carruthers ed. |
| 264 | 1 |
_aDrukkery Street, Goodwood, Western Cape : _bSouthern Book Publishers, _c1998. |
|
| 300 |
_a310 páginas : _bilustraciones, gráficos, fotos ; _c22 centímetros |
||
| 336 |
_atext _2rdacontent |
||
| 337 |
_aunmediated _2rdamedia |
||
| 338 |
_avolume _2rdacarrier |
||
| 505 | 0 | _aLower invertebrates. -Spiders and other arachnids. -Insects. -Freshwater fishes. -Frogs. -Reptiles. -Birds. -Mammals. -Grasses, sedges, ferns and fungi. -Wild flowers. -Trees. | |
| 526 | _aP136 | ||
| 526 | _aP135 | ||
| 526 | _aP134 | ||
| 526 | _aP133 | ||
| 526 | _aP144 | ||
| 526 | _aP143 | ||
| 526 | _aP87 | ||
| 526 | _aP35 | ||
| 526 | _aP20 | ||
| 526 | _aP14 | ||
| 526 | _aP10 | ||
| 526 | _aP06 | ||
| 651 |
_aSud Africa _xHistoria natural _vGuía. |
||
| 700 | 1 |
_aCarruthers, Vincent, _eed. |
|
| 942 |
_2ddc _cBOOK |
||
| 949 |
_a968.2 W97 _wDEWEY _c1 _i52198 _lCCODEBUL1 _mBUL _p8.00 _r0 _sY _tBOOK _u2015-6-24 _xTEOLOGIA _PP35 _0COMPRA _o.STAFF. Colección General |
||
| 994 |
_aC0 _bPEPRU |
||
| 596 | _a1 | ||
| 999 |
_a968.2 W97 _wDEWEY _c34009 _i52198 _d34009 _f2021-11-8 _g5 _lCCODEBUL1 _mBUL _p8.00 _q1 _r0 _sY _tBOOK _u2015-6-24 _xBIBLIOTECA _PP35 _0COMPRA _o.STAFF. Colección General |
||
| 980 |
_81 _gALBERTO SANCHEZ Responsable de Automatización |
||